000 01171nam a2200349 i 4500
001 6717
003 KOSZ 005
005 20210611142920.0
008 961010s1994 pl f f |000 0 pol d
020 _a8386453044
040 _cKOSZ 005
_aKOSZ 005
_dKOSZ 005/HR
080 _a69
080 _a528
080 _a(075.8)
100 1 _aPrzewłocki, Stefan
_d(1933- )
_eAutor
245 1 0 _aMiernictwo budowlane /
_cStefan Przewłocki, Zygmunt Szumski.
260 _aŁódź :
_aWydaw. PŁ,
_c1994.
300 _a578 s., [2] k. tabl. :
_bfot., rys. ;
_c21 cm.
380 _aKsiążki
490 1 _aSkrypty dla Szkół Wyższych / Politechnika Łódzka
504 _aBibliogr. przy rozdz.
650 4 _aBudownictwo
650 4 _aPomiary
650 _aGeodezja
655 4 _aPodręczniki akademickie
658 _aGeografia i nauki o Ziemi
658 _aArchitektura i budownictwo
700 1 _aSzumski, Zygmunt
_eAutor
830 0 _aSkrypty dla Szkół Wyższych - Politechnika Łódzka
856 _uhttp://koha.tu.koszalin.pl/cgi-bin/koha/opac-detail.pl?biblionumber=6717
_yKatalog online BPK
942 _cKS
_2UKD
999 _c6717
_d6717